Tục ngữ ca dao Tày vùng hồ Ba Bể
Sơ lược về tục ngữ ca dao Tày vùng hồ Ba Bể và các bài tục ngữ ca dao về quê hương đất nước, tự nhiên và lao động, đời sông vật chất, gia đình xã hội, các quan niệm nhân sinh, tình cảm nam nữ....
保存先:
| 第一著者: | |
|---|---|
| フォーマット: | 図書 |
| 言語: | Undetermined |
| 出版事項: |
Hà Nội
Văn hóa Thông tin
2014
|
| 主題: | |
| タグ: |
タグ追加
タグなし, このレコードへの初めてのタグを付けませんか!
|
| Thư viện lưu trữ: | Trung tâm Học liệu Trường Đại học Cần Thơ |
|---|
| LEADER | 01010nam a2200193Ia 4500 | ||
|---|---|---|---|
| 001 | CTU_209807 | ||
| 008 | 210402s9999 xx 000 0 und d | ||
| 082 | |a 398.99592 | ||
| 082 | |b Y603 | ||
| 100 | |a Nguyễn, Thị Yên | ||
| 245 | 0 | |a Tục ngữ ca dao Tày vùng hồ Ba Bể | |
| 245 | 0 | |c Nguyễn Thị Yên (Chủ biên) ; Triệu Sinh, Dương Thuấn (Sưu tầm, biên dịch, giới thiệu) | |
| 260 | |a Hà Nội | ||
| 260 | |b Văn hóa Thông tin | ||
| 260 | |c 2014 | ||
| 520 | |a Sơ lược về tục ngữ ca dao Tày vùng hồ Ba Bể và các bài tục ngữ ca dao về quê hương đất nước, tự nhiên và lao động, đời sông vật chất, gia đình xã hội, các quan niệm nhân sinh, tình cảm nam nữ. | ||
| 650 | |a Tục ngữ Việt Nam,Proverbs, Vietnamese | ||
| 904 | |i Trần Thị Yến Nhi,Hải | ||
| 980 | |a Trung tâm Học liệu Trường Đại học Cần Thơ | ||